Macroeconomía (Registro nro. 334)

Detalles MARC
000 -LEADER
fixed length control field 02092 a2200241 4500
001 - CONTROL NUMBER
control field 3447
005 - DATE AND TIME OF LATEST TRANSACTION
control field 20260407155429.0
008 - FIXED-LENGTH DATA ELEMENTS--GENERAL INFORMATION
fixed length control field 260407a2011 arg spa d
003 - CONTROL NUMBER IDENTIFIER
control field AR-UNSa-BCEJYS
040 ## - CATALOGING SOURCE
Original cataloging agency AR-UNSa-BCEJYS
Language of cataloging spa
Transcribing agency AR-UNSa-BCEJYS
080 ## - UNIVERSAL DECIMAL CLASSIFICATION NUMBER
Universal Decimal Classification number 330.101.541
Common auxiliary subdivision Macroeconomía
020 ## - INTERNATIONAL STANDARD BOOK NUMBER
International Standard Book Number 978-987-615-130-6
100 1# - MAIN ENTRY--PERSONAL NAME
Personal name Blanchard, Olivier
245 10 - TITLE STATEMENT
Title Macroeconomía
Name of part/section of a work aplicaciones para Latinoamérica
250 ## - EDITION STATEMENT
Edition statement 2a. ed.
264 #1 - PRODUCTION, PUBLICATION, DISTRIBUTION, MANUFACTURE, AND COPYRIGHT NOTICE
Place of production, publication, distribution, manufacture Buenos Aires :
Name of producer, publisher, distributor, manufacturer Pearson Educación
Date of production, publication, distribution, manufacture, or copyright notice 2011
300 ## - PHYSICAL DESCRIPTION
Extent xxxii, 861 p.
Dimensions 27 cm.
505 ## - FORMATTED CONTENTS NOTE
Formatted contents note 1. Una gira por el mundo - 2. Una gira por el libro - 3. El mercado de bienes - 4. Los mercados financieros - 5. Los mercados de bienes y financieros: el modelo IS y LM - 6. El mercado del trabajo - 7. Análisis conjunto de todos los mercados: el modelo OA-DA - 8. La tasa natural de desempleo y curva de Phillips - 9. La inflación, la actividad económica y el crecimiento de la cantidad nominal de dinero - 10. Los hechos del crecimiento - 11. El ahorro, la acumulación de capital y la producción - 12. El progreso tecnológico, el crecimiento y el desarrollo - 13. El progreso tecnológico, los salarios y el desempleo - 14. Las expectativas: los instrumentos básicos - 15. Los mercados financieros y las expectativas - 16. Las expectativas, el consumo y la inversión - 17. Las expectativas, la producción y la política macroeconómica - 18. La apertura de los mercados de bienes y financieros - 19. El mercado de bienes en una economía abierta - 20. La producción, el tipo de interés y el tipo de cambio - 21. Los sistemas de tipo de cambio - 22. Las depresiones y las crisis - 23. La inflación alta - 24. ¿Deben imponerse limitaciones a las autoridades económicas? - 25. La política monetaria: recapitulación - 26. La política fiscal: recapitulación - 27. Epílogo: la historia de la macroeconomía<br/>
590 ## - LOCAL NOTE (RLIN)
Local note niveau_biblio:m niveau_hierar:0
700 1# - ADDED ENTRY--PERSONAL NAME
Personal name Pérez Enrri, Daniel
856 41 - ELECTRONIC LOCATION AND ACCESS
Uniform Resource Identifier <a href="https://biblioeco.unsa.edu.ar/pmb/images/libros/Macroeconomia-l118338.jpg">https://biblioeco.unsa.edu.ar/pmb/images/libros/Macroeconomia-l118338.jpg</a>
Link text Imagen de portada
Electronic format type image/jpeg
942 ## - ADDED ENTRY ELEMENTS (KOHA)
Koha item type
Existencias
Withdrawn status Lost status Damaged status Not for loan Home library Current library Shelving location Date acquired Total checkouts Full call number Barcode Date last seen Price effective from Koha item type
        Biblioteca Prof. Eusebio Cleto del Rey Biblioteca Prof. Eusebio Cleto del Rey   07/04/2026   330.101.541 B638 2ed. L118339 07/04/2026 07/04/2026 Libro
        Biblioteca Prof. Eusebio Cleto del Rey Biblioteca Prof. Eusebio Cleto del Rey   07/04/2026   330.101.541 B638 2ed. L118338 07/04/2026 07/04/2026 Libro
        Biblioteca Prof. Eusebio Cleto del Rey Biblioteca Prof. Eusebio Cleto del Rey   07/04/2026   330.101.541 B638 2ed. L118815 07/04/2026 07/04/2026 Libro
        Biblioteca Prof. Eusebio Cleto del Rey Biblioteca Prof. Eusebio Cleto del Rey   07/04/2026   330.101.541 B638 2ed. L118816 07/04/2026 07/04/2026 Libro